000 00498nam a22001457a 4500
005 20251126093840.0
008 251126b |||||||| |||| 00| 0 eng d
020 _a978-1-4057-89936-7
100 _aREAD, JAMES S.
245 _aLAW REPORTS OF THE COMMONWEALTH 2014
260 _aLONDON
_bLEXISNEXIS
_c2014
300 _aXXVII, 776P.
650 _a1. LAW REPORTS, DIGESTS, ETC - COMMONWEALTH COUNTRIES 2. LAW - COMMONWEALTH COUNTIRES 3. COMPARATIVE LAW- COMMONWEALTH COUNTIRES
942 _2ddc
_cREF
999 _c216285
_d216285